000 01544cam a22003014a 4500
001 15957524
003 OSt
005 20151007145107.0
008 091023s2011 maua b 001 0 eng
010 _a 2009044076
020 _a9780136088905 (pbk.)
020 _a0136088902 (pbk.)
040 _aDLC
_cDLC
_dDLC
043 _an-us---
050 0 0 _aHM1221
_b.S45 2011
082 0 0 _a659.2
_222
100 1 _aSeitel, Fraser P.
245 1 4 _aThe practice of public relations /
_cFraser P. Seitel.
250 _a11th ed.
260 _aBoston :
_bPrentice Hall,
_cc2011.
300 _axxxi, 448 p. :
_bcol. ill. ;
_c26 cm.
504 _aIncludes bibliographical references and index.
505 0 _aWhat is public relations, anyway? -- The history and growth of public relations -- Communication -- Public opinion -- Management -- Ethics -- The law -- Research -- Media relations/print & broadcast -- Employee relations -- Community relations -- Government relations -- Consumer relations -- International relations -- Public relations writing -- Writing for the eye and ear -- Integrated marketing communications -- Public relations and social media -- Crisis management -- Launching a career.
650 0 _aPublic relations
_zUnited States.
906 _a7
_bcbc
_corignew
_d1
_eecip
_f20
_gy-gencatlg
942 _2lcc
_cBK
999 _c250257
_d250257